000 00619nam a22002417a 4500
003 UA-OsUOA
001 21257
007 ta
008 20031125b un ||||| |||| 00| 0 ukr d
100 _aГорілий А.Г.
090 _a331.5(075.8)
_bГ69
942 _cBK
040 _aUA-OsUOA
_bukr
_cUA-OsUOA
_dUA-OsUOA
245 _aЕкономіка ринків праці
_bНавчальний посібник
300 _a156 с.
955 _a0
041 _aukr
080 _a331.5(075.8)
260 _aТернопіль
_bКарп'юка
_c1999
044 _aUA
650 7 _2UDC
999 _c307450
_d307450